[Event "ICS rated blitz match"]
[Site "204.178.125.65"]
[Date "2001.08.29"]
[Round "?"]
[White "WITTYROGER"]
[Black "Hossa"]
[Result "0-1"]
[WhiteElo "2235"]
[BlackElo "2580"]
[PlyCount "78"]
[EventDate "2001.??.??"]

1. e4 c5 2. Nf3 d6 3. b3 Nf6 4. Nc3 e5 5. Bb2 Be7 6. Bc4 O-O 7. O-O Bg4 8. h3
Be6 9. Bxe6 fxe6 10. Qe2 Nc6 11. Ng5 Nd4 12. Qc4 d5 13. Qd3 Nh5 14. Nf3 Rxf3
15. gxf3 Nf4 16. Qe3 Nxc2 17. Qxf4 exf4 18. Rac1 Nb4 19. exd5 exd5 20. Ne2 Nd3
21. Rc2 Qb6 22. Ba3 Qg6+ 23. Kh2 Qa6 24. Bb2 Nxb2 25. Rxb2 Qxe2 26. Rbb1 Qxd2
27. Rbd1 Qxa2 28. Rxd5 Qxb3 29. Re5 Bd6 30. Re4 Qxf3 31. Re6 Qd3 32. Rfe1 f3+
33. Rxd6 Qxd6+ 34. Kh1 Qd2 35. Rf1 Re8 36. Kh2 Qd6+ 37. Kh1 Qg6 38. Rg1 Re1 39.
Kh2 Qxg1# {WITTYROGER checkmated} 0-1

[Event "ICS rated blitz match"]
[Site "204.178.125.65"]
[Date "2001.08.29"]
[Round "?"]
[White "Hossa"]
[Black "WITTYROGER"]
[Result "1-0"]
[WhiteElo "2584"]
[BlackElo "2231"]
[PlyCount "83"]
[EventDate "2001.??.??"]

1. c4 Nf6 2. d4 e6 3. Nc3 d5 4. e3 c6 5. Bd2 Nbd7 6. Nf3 Bd6 7. cxd5 exd5 8.
Bd3 O-O 9. Qc2 Re8 10. O-O-O Nf8 11. Ng5 b5 12. Kb1 a5 13. Rc1 Bd7 14. Bf5 a4
15. Ne2 Ra6 16. h4 b4 17. Ka1 b3 18. Qd3 Qa8 19. a3 Rb8 20. Bc3 Qb7 21. Rcd1
Bxf5 22. Qxf5 Bxa3 23. bxa3 b2+ 24. Kb1 Qb3 25. Qd3 Qxa3 26. Qxa6 Qa1+ 27. Kc2
Qa2 28. Rb1 Qb3+ 29. Kd2 a3 30. Qxc6 Ng6 31. h5 Ne7 32. Qc7 Re8 33. h6 Ne4+ 34.
Nxe4 dxe4 35. hxg7 Nd5 36. Qh2 Kxg7 37. Qh6+ Kg8 38. Qg5+ Kf8 39. Rxh7 Nf6 40.
Qxf6 Qxc3+ 41. Nxc3 a2 42. Qxf7# {WITTYROGER checkmated} 1-0

[Event "ICS rated blitz match"]
[Site "204.178.125.65"]
[Date "2001.08.29"]
[Round "?"]
[White "fjolset"]
[Black "Hossa"]
[Result "0-1"]
[WhiteElo "2003"]
[BlackElo "2588"]
[PlyCount "120"]
[EventDate "2001.??.??"]

1. d4 e6 2. e3 Nf6 3. f4 Nc6 4. c3 d5 5. Bd3 Bd6 6. Nd2 Bd7 7. Nh3 Ne7 8. Qf3
c5 9. O-O c4 10. Bc2 Bc6 11. Ng5 h6 12. Nh3 Qd7 13. Kh1 Nf5 14. Rg1 O-O-O 15.
b3 g5 16. Nf2 Nh4 17. Qe2 gxf4 18. exf4 Bxf4 19. Nf3 Nxf3 20. Qxf3 Bxc1 21.
Raxc1 Qe7 22. b4 Rdg8 23. a4 h5 24. b5 Bd7 25. Rb1 Ng4 26. h3 Qh4 27. Rgf1 Qg5
28. a5 Ne3 29. Ba4 Nxf1 30. Rxf1 Rh7 31. Rg1 Rhg7 32. a6 bxa6 33. Bc2 Bxb5 34.
Bb1 Qg3 35. Qxg3 Rxg3 36. Nd1 Ba4 37. Nf2 Rxc3 38. Bh7 Rg7 39. Bb1 Rgg3 40. Nd1
Rc1 41. Nf2 Rxg1+ 42. Kxg1 c3 43. Ng4 hxg4 44. hxg4 Rxg4 45. Kf2 Rxd4 46. Kf3
c2 47. Bxc2 Bxc2 48. Ke3 Rd3+ 49. Ke2 a5 50. g4 a4 51. g5 a3 52. g6 fxg6 53.
Ke1 Kd7 54. Ke2 Kc6 55. Ke1 Kc5 56. Ke2 Kc4 57. Ke1 Rf3 58. Ke2 Bd1+ 59. Ke1
Kd3 60. Kxd1 Rf1# {fjolset checkmated} 0-1

[Event "ICS rated blitz match"]
[Site "204.178.125.65"]
[Date "2001.08.29"]
[Round "?"]
[White "Hossa"]
[Black "fjolset"]
[Result "1-0"]
[WhiteElo "2589"]
[BlackElo "2002"]
[PlyCount "111"]
[EventDate "2001.??.??"]

1. c4 e6 2. d4 d5 3. Nc3 f5 4. cxd5 exd5 5. Nf3 c6 6. g3 Nf6 7. Bh3 Bd6 8. O-O
O-O 9. Qc2 Ne4 10. Ne5 Nd7 11. Nxe4 fxe4 12. Be6+ Kh8 13. Nf7+ Rxf7 14. Bxf7
Qe7 15. Bh5 Nf6 16. Bg5 h6 17. Bxf6 Qxf6 18. e3 Bh3 19. Rfc1 Rf8 20. Bd1 g5 21.
Qd2 g4 22. Rc2 h5 23. Qa5 a6 24. Qb6 Rf7 25. Qa7 Kg7 26. Qa8 h4 27. Qc8 hxg3
28. hxg3 Bf8 29. Bxg4 Bxg4 30. Qxg4+ Qg6 31. Qxg6+ Kxg6 32. Kg2 Bd6 33. Rh1 Rh7
34. Rxh7 Kxh7 35. Rc3 Bb4 36. Rb3 a5 37. a3 Bd6 38. Rxb7+ Kg6 39. Ra7 Kf6 40.
Rxa5 Ke6 41. b4 Be7 42. Kh3 Kd6 43. Kg4 Bd8 44. Ra8 Bc7 45. Rh8 Bb6 46. Rh6+
Kc7 47. a4 Kb7 48. a5 Bc7 49. Kf5 Ka6 50. Rxc6+ Kb7 51. Rxc7+ Kxc7 52. b5 Kd6
53. Kf6 Kd7 54. g4 Kc7 55. Ke6 Kd8 56. b6 {fjolset resigns} 1-0

[Event "ICS rated blitz match"]
[Site "204.178.125.65"]
[Date "2001.08.29"]
[Round "?"]
[White "Sjeng"]
[Black "Hossa"]
[Result "0-1"]
[WhiteElo "2508"]
[BlackElo "2590"]
[PlyCount "74"]
[EventDate "2001.??.??"]

1. d4 Nf6 2. Nf3 g6 3. c4 Bg7 4. Nc3 d6 5. e4 O-O 6. Be2 e5 7. Be3 Ng4 8. Bg5
f6 9. Bh4 Nc6 10. d5 Ne7 11. Nd2 f5 12. O-O Nf6 13. Bg5 h6 14. Bxf6 Bxf6 15.
exf5 Nxf5 16. Nde4 Nd4 17. Nxf6+ Qxf6 18. Bg4 Qg5 19. Bxc8 Raxc8 20. Ne4 Qf4
21. Re1 Qh4 22. Qa4 b5 23. cxb5 Rxf2 24. Qxd4 Rxg2+ 25. Kxg2 exd4 26. Rad1 d3
27. Kh1 Rf8 28. Re3 Rf4 29. b6 axb6 30. Nd2 Rf2 31. Nf3 Qh3 32. Rg1 Rxf3 33.
Re6 g5 34. Rg6+ Kh7 35. R6xg5 hxg5 36. a4 Rf1 37. b4 Qf3# {Sjeng checkmated}
0-1

[Event "ICS rated blitz match"]
[Site "204.178.125.65"]
[Date "2001.08.30"]
[Round "?"]
[White "Hossa"]
[Black "Sjeng"]
[Result "0-1"]
[WhiteElo "2602"]
[BlackElo "2494"]
[PlyCount "148"]
[EventDate "2001.??.??"]

1. e4 c5 2. Nf3 e6 3. d4 cxd4 4. Nxd4 Nc6 5. Be3 Nf6 6. Nd2 Be7 7. Nxc6 dxc6 8.
Bd3 Qc7 9. Qe2 O-O 10. O-O-O e5 11. f3 a5 12. Qf2 a4 13. Bb6 Qd6 14. Nc4 Qb8
15. Bc5 Bxc5 16. Qxc5 Be6 17. Qxe5 Qxe5 18. Nxe5 Bxa2 19. Kd2 Rfe8 20. f4 c5
21. Bb5 Rec8 22. Ke3 Ra5 23. Bd7 Rca8 24. Rd3 Nxd7 25. Rxd7 Rb5 26. Rhd1 Rf8
27. R7d2 Rxb2 28. Nd7 Re8 29. Nxc5 b5 30. g4 a3 31. Rd8 Kf8 32. R1d3 b4 33. c3
Bb1 34. cxb4 Bxd3 35. Rxd3 Ra8 36. Rb3 a2 37. Rxb2 a1=Q 38. Rb3 Qg1+ 39. Kd3
Qxh2 40. f5 Rd8+ 41. Kc4 Qe2+ 42. Rd3 Rxd3 43. Nxd3 Qxe4+ 44. Kc3 Qxg4 45. f6
g5 46. Kd2 Qd4 47. Ke2 g4 48. b5 Qxf6 49. Ke3 g3 50. Nf4 Qc3+ 51. Ke4 Qc2+ 52.
Kd4 Qf2+ 53. Ke5 f6+ 54. Ke4 f5+ 55. Ke5 Qe3+ 56. Kd5 Qxf4 57. b6 Qe4+ 58. Kd6
Qd4+ 59. Ke6 f4 60. Kf5 f3 61. b7 Qb2 62. Kf4 g2 63. Kxf3 Qxb7+ 64. Ke2 Qe4+
65. Kd2 Qd3+ 66. Kxd3 g1=Q 67. Ke2 Qd4 68. Kf3 Qd3+ 69. Kg2 Qe2+ 70. Kh3 Qf2
71. Kg4 h6 72. Kh3 Qg1 73. Kh4 Qg2 74. Kh5 Qg5# {Hossa checkmated} 0-1

[Event "ICS rated blitz match"]
[Site "204.178.125.65"]
[Date "2001.08.30"]
[Round "?"]
[White "MelRose21"]
[Black "Hossa"]
[Result "0-1"]
[WhiteElo "2167"]
[BlackElo "2587"]
[PlyCount "76"]
[EventDate "2001.??.??"]

1. e4 c5 2. Nc3 Nc6 3. f4 g6 4. Nf3 Bg7 5. Bb5 Nd4 6. O-O a6 7. Be2 Nxe2+ 8.
Qxe2 d6 9. d3 Nh6 10. f5 gxf5 11. Bxh6 Bxh6 12. Nh4 e6 13. Qh5 Qg5 14. Qxg5
Bxg5 15. Nf3 Be3+ 16. Kh1 fxe4 17. Nxe4 Ke7 18. Rae1 Bh6 19. Ng3 e5 20. c4 Bg4
21. Nh4 Bd2 22. Ra1 Bf4 23. Ngf5+ Ke6 24. g3 Bxf5 25. Nxf5 Kxf5 26. gxf4 exf4
27. Rf3 Rag8 28. Raf1 Rg4 29. h3 Rh4 30. Rg1 Re8 31. Rg7 Kf6 32. Rg4 Rxg4 33.
hxg4 Kg5 34. Kg2 Kxg4 35. Rf2 Re1 36. Kh2 f3 37. b3 Re2 38. Kg1 Kg3 {
MelRose21 resigns} 0-1

[Event "ICS rated blitz match"]
[Site "204.178.125.65"]
[Date "2001.08.30"]
[Round "?"]
[White "Hossa"]
[Black "MelRose21"]
[Result "1/2-1/2"]
[WhiteElo "2590"]
[BlackElo "2164"]
[PlyCount "75"]
[EventDate "2001.??.??"]

1. c4 e5 2. Nc3 Nc6 3. g3 f5 4. e3 Nf6 5. d4 Bb4 6. Bg2 d6 7. Bxc6+ bxc6 8.
dxe5 Bxc3+ 9. bxc3 dxe5 10. Qxd8+ Kxd8 11. Nf3 Re8 12. Bb2 Ba6 13. Rd1+ Kc8 14.
Nd2 Ne4 15. Nxe4 fxe4 16. c5 Rb8 17. Ba3 Bc4 18. Bb4 a5 19. Bxa5 Rb2 20. Rd2
Rb1+ 21. Rd1 Bxa2 22. Rxb1 Bxb1 23. O-O Bd3 24. Ra1 Kd7 25. Bb4 Be2 26. h3 Bf3
27. Ra7 Rd8 28. g4 g5 29. Kh2 Ke6 30. Rxc7 Rd1 31. Rxc6+ Kf7 32. Rc7+ Ke6 33.
Rxh7 Rh1+ 34. Kg3 Rg1+ 35. Kh2 Rh1+ 36. Kg3 Rg1+ 37. Kh2 Rh1+ 38. Kg3 {
Game drawn by repetition} 1/2-1/2

[Event "ICS rated blitz match"]
[Site "204.178.125.65"]
[Date "2001.08.30"]
[Round "?"]
[White "MelRose21"]
[Black "Hossa"]
[Result "0-1"]
[WhiteElo "2177"]
[BlackElo "2577"]
[PlyCount "34"]
[EventDate "2001.??.??"]

1. e4 c5 2. Nc3 Nc6 3. f4 e6 4. Nf3 a6 5. a4 d5 6. e5 Bd7 7. d3 Be7 8. Be2 Nh6
9. O-O O-O 10. h3 Nf5 11. Qe1 d4 12. Ne4 Nb4 13. Bd1 Nd5 14. g4 Nfe3 15. Bxe3
Nxe3 16. Rf2 Bc6 17. Ned2 Bh4 {MelRose21 resigns} 0-1

[Event "ICS rated blitz match"]
[Site "204.178.125.65"]
[Date "2001.08.30"]
[Round "?"]
[White "Hossa"]
[Black "MelRose21"]
[Result "1-0"]
[WhiteElo "2580"]
[BlackElo "2174"]
[PlyCount "79"]
[EventDate "2001.??.??"]

1. e4 d5 2. exd5 Qxd5 3. Nc3 Qa5 4. d4 c6 5. Nf3 Nf6 6. Bc4 Bg4 7. O-O e6 8. h3
Bh5 9. Be2 Bxf3 10. Bxf3 Be7 11. Bf4 Nbd7 12. Qd3 O-O 13. Rfe1 Rfe8 14. a3 Nd5
15. Nxd5 cxd5 16. a4 a6 17. c3 Rac8 18. Ra2 Nf6 19. g3 Qd8 20. b3 Bd6 21. Bg5
h6 22. Bxf6 Qxf6 23. a5 Re7 24. c4 dxc4 25. bxc4 Rec7 26. c5 Bf8 27. Re5 Qd8
28. Qc4 Rd7 29. Ra4 Rcc7 30. Rb4 g6 31. Re3 Bg7 32. Re4 Kh7 33. Rf4 g5 34. Re4
Rc6 35. Re1 Rxd4 36. Qc2+ Kg8 37. Rxd4 Qxd4 38. Bxc6 bxc6 39. Rb1 Qc3 40. Rb8+
{MelRose21 resigns} 1-0

[Event "ICS rated blitz match"]
[Site "204.178.125.65"]
[Date "2001.08.30"]
[Round "?"]
[White "MelRose21"]
[Black "Hossa"]
[Result "0-1"]
[WhiteElo "2171"]
[BlackElo "2583"]
[PlyCount "74"]
[EventDate "2001.??.??"]

1. e4 c5 2. Nc3 Nc6 3. f4 e6 4. Nf3 a6 5. Be2 d5 6. e5 c4 7. d4 cxd3 8. Bxd3 b6
9. a3 Be7 10. O-O Nh6 11. Ng5 Nxe5 12. fxe5 Bxg5 13. Qh5 Bxc1 14. Raxc1 Bb7 15.
g4 Qc7 16. Rce1 d4 17. Ne4 Bxe4 18. Rxe4 Qc5 19. g5 Nf5 20. Ree1 g6 21. Qf3 O-O
22. Bxf5 exf5 23. Kh1 Qxc2 24. e6 fxe6 25. Rxe6 Rad8 26. Re7 Qc4 27. Rfe1 Rf7
28. Rxf7 Qxf7 29. Qc6 Qd5+ 30. Qxd5+ Rxd5 31. Rd1 d3 32. Kg2 f4 33. Rd2 Rd4 34.
Kf3 Kf7 35. h4 Ke6 36. Kf2 Kd5 37. Kf3 Kc4 {MelRose21 resigns} 0-1

[Event "ICS rated blitz match"]
[Site "204.178.125.65"]
[Date "2001.08.30"]
[Round "?"]
[White "Hossa"]
[Black "MelRose21"]
[Result "1-0"]
[WhiteElo "2586"]
[BlackElo "2168"]
[PlyCount "47"]
[EventDate "2001.??.??"]

1. c4 e5 2. Nc3 Nc6 3. g3 f5 4. Bg2 Nf6 5. Nf3 Bb4 6. O-O O-O 7. d4 Bxc3 8.
bxc3 e4 9. Nd2 d6 10. Rb1 Na5 11. Ba3 Re8 12. Qc2 b6 13. Bb4 Nc6 14. a4 Nxb4
15. cxb4 Bb7 16. Nb3 Rb8 17. d5 Nd7 18. Nd4 Ne5 19. Nxf5 e3 20. Nxe3 Bc8 21. c5
bxc5 22. bxc5 Rxb1 23. Rxb1 Qg5 24. f4 {MelRose21 resigns} 1-0

[Event "ICS rated blitz match"]
[Site "204.178.125.65"]
[Date "2001.08.30"]
[Round "?"]
[White "MelRose21"]
[Black "Hossa"]
[Result "0-1"]
[WhiteElo "2165"]
[BlackElo "2589"]
[PlyCount "46"]
[EventDate "2001.??.??"]

1. e4 c5 2. Nc3 Nc6 3. f4 e6 4. Nf3 a6 5. Be2 d5 6. e5 c4 7. d4 cxd3 8. Bxd3 b6
9. a3 Be7 10. O-O Nh6 11. Ng5 Nxe5 12. fxe5 Bxg5 13. Ne2 Ng4 14. Nd4 Be3+ 15.
Bxe3 Nxe3 16. Qf3 Nxf1 17. Rxf1 O-O 18. Qh5 h6 19. Rf3 Qg5 20. Qh3 Qxe5 21. c3
Qg5 22. Rg3 Qc1+ 23. Bf1 e5 {MelRose21 resigns} 0-1

[Event "ICS rated blitz match"]
[Site "204.178.125.65"]
[Date "2001.08.30"]
[Round "?"]
[White "Hossa"]
[Black "MelRose21"]
[Result "1-0"]
[WhiteElo "2592"]
[BlackElo "2162"]
[PlyCount "65"]
[EventDate "2001.??.??"]

1. e4 d5 2. exd5 Qxd5 3. Nc3 Qa5 4. d4 c6 5. Nf3 Nf6 6. Bc4 Bg4 7. O-O e6 8. h3
Bh5 9. Be2 Bxf3 10. Bxf3 Be7 11. Bf4 O-O 12. Qd3 Nbd7 13. Rfe1 Rfe8 14. a3 Nd5
15. Nxd5 cxd5 16. a4 a6 17. c3 Rac8 18. g3 Nf6 19. Ra2 Qd8 20. b3 Bd6 21. Bg5
h6 22. Bc1 Qc7 23. Re3 Nd7 24. Rae2 Nf6 25. Re1 b6 26. Qxa6 h5 27. h4 Bxg3 28.
fxg3 Qxg3+ 29. Bg2 Qxh4 30. Qe2 Ng4 31. Rh3 Qf6 32. Rxh5 Nh6 33. Rh3 {
MelRose21 resigns} 1-0

[Event "ICS rated blitz match"]
[Site "204.178.125.65"]
[Date "2001.08.30"]
[Round "?"]
[White "MelRose21"]
[Black "Hossa"]
[Result "1-0"]
[WhiteElo "2160"]
[BlackElo "2594"]
[PlyCount "155"]
[EventDate "2001.??.??"]

1. e4 c5 2. Nc3 Nc6 3. f4 e6 4. Nf3 a6 5. Be2 d5 6. e5 c4 7. d4 cxd3 8. Bxd3 b6
9. a3 Be7 10. O-O Nh6 11. Ng5 Nxe5 12. fxe5 Bxg5 13. Qh5 Bxc1 14. Raxc1 Bb7 15.
Ne2 Qe7 16. Nd4 Qc5 17. c3 Qe7 18. Rce1 b5 19. g4 Ng8 20. Rf2 g6 21. Qh3 h5 22.
Ref1 Nh6 23. gxh5 gxh5 24. Qxh5 O-O-O 25. Kh1 Rdg8 26. Rf6 Nf5 27. Qxf7 Ng3+
28. Kg2 Qxf7 29. Rxf7 Nxf1+ 30. Kxf1 Rf8 31. Rxf8+ Rxf8+ 32. Kg2 Kd7 33. h4
Rg8+ 34. Kh3 Bc6 35. Be2 Re8 36. Bg4 Bb7 37. h5 Bc8 38. h6 Kd8 39. Kh4 Rh8 40.
Kg5 Ke7 41. Bh5 Bd7 42. Bg6 Rf8 43. h7 Rh8 44. Kh6 Kf8 45. Nf3 b4 46. axb4 d4
47. Nxd4 Bc8 48. Nf3 Ke7 49. Ng5 Bd7 50. Nf7 Rf8 51. h8=Q Rxh8+ 52. Nxh8 Bb5
53. Nf7 Be2 54. Ng5 Kd7 55. Bf7 Bc4 56. Bxe6+ Bxe6 57. Nxe6 Kxe6 58. c4 Kxe5
59. Kg5 Kd4 60. c5 Kd5 61. Kf4 Kc6 62. Ke4 Kb7 63. Kd4 Kc7 64. Kc4 Kb7 65. b5
a5 66. c6+ Kc7 67. b3 Kd8 68. Kc5 Ke7 69. b6 Kf6 70. b7 Ke5 71. c7 Kf4 72. c8=Q
Ke5 73. b8=Q+ Kf6 74. Qd7 Kg6 75. Qd5 Kg7 76. Qb6 Kh7 77. Qd7+ Kh8 78. Qb8# {
Hossa checkmated} 1-0

[Event "ICS rated blitz match"]
[Site "204.178.125.65"]
[Date "2001.08.30"]
[Round "?"]
[White "Hossa"]
[Black "Vennus"]
[Result "1-0"]
[WhiteElo "2566"]
[BlackElo "2091"]
[PlyCount "93"]
[EventDate "2001.??.??"]

1. e4 c5 2. c4 Nc6 3. d3 g6 4. Nc3 Bg7 5. Nf3 e6 6. Be2 Nge7 7. O-O d6 8. Be3
O-O 9. Qd2 Nd4 10. Bxd4 cxd4 11. Nb5 Nc6 12. Qg5 Bf6 13. Qf4 a6 14. Na3 e5 15.
Qc1 Bg7 16. Qg5 f5 17. Qxd8 Nxd8 18. Nd2 f4 19. Nc2 Ne6 20. Rfe1 b6 21. Nb4 Nc5
22. Nd5 Rb8 23. b4 Na4 24. Nf3 Be6 25. Nc7 Bc8 26. Bd1 Rf7 27. Nxa6 Bxa6 28.
Bxa4 b5 29. cxb5 Bxb5 30. Bb3 Kf8 31. Bxf7 Kxf7 32. Red1 Rc8 33. a4 Ba6 34.
Ng5+ Ke7 35. Nxh7 Rc3 36. b5 Bb7 37. a5 g5 38. a6 Ba8 39. b6 Rb3 40. Rdb1 Rxb1+
41. Rxb1 Ke6 42. b7 Bxb7 43. axb7 Bf6 44. b8=Q Be7 45. Qg8+ Kd7 46. Rb7+ Kc6
47. Qc8# {Vennus checkmated} 1-0

[Event "ICS rated blitz match"]
[Site "204.178.125.65"]
[Date "2001.08.30"]
[Round "?"]
[White "Vennus"]
[Black "Hossa"]
[Result "0-1"]
[WhiteElo "2089"]
[BlackElo "2568"]
[PlyCount "84"]
[EventDate "2001.??.??"]

1. d4 e6 2. Nf3 d5 3. e3 Bd6 4. Bd3 Nf6 5. c3 c5 6. Nbd2 Nbd7 7. O-O O-O 8. Qe2
e5 9. e4 exd4 10. cxd4 Re8 11. e5 cxd4 12. Qd1 Nxe5 13. Nxd4 Nxd3 14. N2f3 Nxc1
15. Rxc1 Ne4 16. Qd3 Kh8 17. Nb5 Bf4 18. Rc2 Bg4 19. g3 Bd6 20. Nxd6 Qxd6 21.
Nd2 Ng5 22. f4 Nh3+ 23. Kh1 Be2 24. Qc3 d4 25. Qc5 Qxc5 26. Rxc5 Bxf1 27. Nxf1
Re2 28. Rc1 d3 29. Rd1 Nf2+ 30. Kg1 Nxd1 31. h3 Ne3 32. Nxe3 Rxe3 33. Kf2 Re2+
34. Kf3 f5 35. g4 Rae8 36. gxf5 R8e3+ 37. Kg4 Rg2+ 38. Kh4 d2 39. f6 g5+ 40.
fxg5 Re4+ 41. Kh5 d1=B+ 42. Kh6 Rh4# {Vennus checkmated} 0-1

[Event "ICS rated blitz match"]
[Site "204.178.125.65"]
[Date "2001.08.30"]
[Round "?"]
[White "Hossa"]
[Black "MelRose21"]
[Result "1-0"]
[WhiteElo "2570"]
[BlackElo "2190"]
[PlyCount "123"]
[EventDate "2001.??.??"]

1. c4 e5 2. Nc3 Nc6 3. g3 f5 4. e3 Nf6 5. d4 Bb4 6. Bg2 d6 7. Bxc6+ bxc6 8.
dxe5 Bxc3+ 9. bxc3 dxe5 10. Qxd8+ Kxd8 11. Nf3 Re8 12. Bb2 Ba6 13. Rd1+ Kc8 14.
Nd2 Rb8 15. Ba3 Ne4 16. Nxe4 fxe4 17. c5 Bc4 18. Bb4 a5 19. Bxa5 Ra8 20. Bb4
Rxa2 21. Rd2 Ra1+ 22. Rd1 Ra2 23. Rd2 Ra4 24. h3 Kb7 25. Rh2 Ra1+ 26. Rd1 Rea8
27. Rxa1 Rxa1+ 28. Kd2 Ra2+ 29. Kc1 Bd3 30. Kd1 Ka6 31. h4 Kb5 32. Kc1 Kc4 33.
h5 Be2 34. h6 g6 35. Kb1 Rd2 36. Ba5 Kb3 37. Rh1 Bd3+ 38. Kc1 Rxf2 39. Re1 Rc2+
40. Kd1 Ra2 41. Bxc7 Ra1+ 42. Kd2 Rxe1 43. Kxe1 Kxc3 44. Bxe5+ Kc4 45. Bd6 Kd5
46. g4 Ke6 47. g5 Kf5 48. Bf4 Bc4 49. Kd2 Bd3 50. Kc3 Kg4 51. Kb4 Kf5 52. Ka5
Ke6 53. Kb6 Kd5 54. Bd6 Bc2 55. Kc7 Bd3 56. Kd8 Ke6 57. Ke8 Bc4 58. Kf8 Kf5 59.
Bf4 Ke6 60. Kg7 Kd5 61. Kxh7 Kxc5 62. Kxg6 {MelRose21 resigns} 1-0

[Event "ICS rated blitz match"]
[Site "204.178.125.65"]
[Date "2001.08.30"]
[Round "?"]
[White "sekere"]
[Black "Hossa"]
[Result "0-1"]
[WhiteElo "2170"]
[BlackElo "2587"]
[PlyCount "56"]
[EventDate "2001.??.??"]

1. e4 c5 2. d4 cxd4 3. Nf3 e6 4. Nxd4 a6 5. Nc3 Bb4 6. Nde2 Nc6 7. Be3 d5 8.
exd5 exd5 9. Bd4 Nf6 10. a3 Bxc3+ 11. Bxc3 O-O 12. Qd2 Ne4 13. Qe3 Nxc3 14.
Qxc3 d4 15. Qd2 Bf5 16. O-O-O Rc8 17. Ng3 Na5 18. Kb1 Bxc2+ 19. Qxc2 Rxc2 20.
Kxc2 Qf6 21. f3 Rc8+ 22. Kb1 Nb3 23. Bd3 a5 24. Ne4 Qc6 25. Rhe1 a4 26. Nd2 Nc5
27. Be4 Qd7 28. h3 f5 {sekere resigns} 0-1

[Event "ICS rated blitz match"]
[Site "204.178.125.65"]
[Date "2001.08.30"]
[Round "?"]
[White "sekere"]
[Black "Hossa"]
[Result "0-1"]
[WhiteElo "2164"]
[BlackElo "2593"]
[PlyCount "110"]
[EventDate "2001.??.??"]

1. e4 c5 2. d4 cxd4 3. Nf3 e6 4. Nxd4 a6 5. Nc3 Bb4 6. Qg4 Bxc3+ 7. bxc3 g6 8.
Ba3 d6 9. Qg3 e5 10. Nb3 Nf6 11. Bd3 O-O 12. O-O b5 13. Rad1 Be6 14. Rfe1 Nc6
15. Be2 Nxe4 16. Qe3 f5 17. f3 Qg5 18. Qxg5 Nxg5 19. Rxd6 Rac8 20. h4 Bxb3 21.
cxb3 Nf7 22. Rd7 Rfd8 23. Red1 Rxd7 24. Rxd7 e4 25. Kf2 Nfe5 26. Rd1 exf3 27.
gxf3 Kg7 28. c4 bxc4 29. bxc4 h6 30. c5 a5 31. Bb2 Rb8 32. Bc3 Kf8 33. Rd6 f4
34. a4 Rb3 35. Bxe5 Nxe5 36. c6 Ke7 37. Rd4 Nxc6 38. Rxf4 Rb2 39. Ke3 Nb4 40.
Bb5 Nd5+ 41. Ke4 Nxf4 42. Kxf4 Rxb5 43. axb5 a4 44. b6 Kd6 45. b7 Kc7 46. Ke5
a3 47. Kf6 g5 48. hxg5 hxg5 49. Kxg5 Kxb7 50. f4 a2 51. f5 Kc6 52. f6 a1=Q 53.
Kg6 Qg1+ 54. Kf7 Kd6 55. Ke8 Qg8# {sekere checkmated} 0-1

[Event "ICS rated blitz match"]
[Site "204.178.125.65"]
[Date "2001.08.30"]
[Round "?"]
[White "Hossa"]
[Black "sekere"]
[Result "1-0"]
[WhiteElo "2598"]
[BlackElo "2173"]
[PlyCount "37"]
[EventDate "2001.??.??"]

1. c4 e5 2. Nc3 Bb4 3. g3 Bxc3 4. bxc3 d6 5. d4 Nd7 6. Bg2 Ne7 7. Nf3 O-O 8.
O-O c6 9. Ba3 Qc7 10. dxe5 Nxe5 11. Qxd6 Nxf3+ 12. Bxf3 Qxd6 13. Bxd6 Re8 14.
Rfd1 Nf5 15. c5 Be6 16. Rab1 Bxa2 17. Rxb7 Bc4 18. Bxc6 Rxe2 19. Rb4 {
sekere resigns} 1-0

[Event "ICS rated blitz match"]
[Site "204.178.125.65"]
[Date "2001.08.30"]
[Round "?"]
[White "sekere"]
[Black "Hossa"]
[Result "0-1"]
[WhiteElo "2170"]
[BlackElo "2601"]
[PlyCount "44"]
[EventDate "2001.??.??"]

1. e4 c5 2. d4 cxd4 3. Nf3 e6 4. Nxd4 a6 5. Nc3 Bb4 6. Qg4 Bxc3+ 7. bxc3 g6 8.
Bd3 e5 9. Ne2 d6 10. Qg3 h5 11. O-O h4 12. Qe3 Nf6 13. f4 Ng4 14. Qf3 h3 15. g3
Nc6 16. Rb1 Qa5 17. f5 gxf5 18. exf5 Rg8 19. Bd2 d5 20. c4 Qxd2 21. cxd5 Nd4
22. Nxd4 Qxh2# {sekere checkmated} 0-1

[Event "ICS rated blitz match"]
[Site "204.178.125.65"]
[Date "2001.08.30"]
[Round "?"]
[White "Hossa"]
[Black "sekere"]
[Result "1-0"]
[WhiteElo "2603"]
[BlackElo "2168"]
[PlyCount "87"]
[EventDate "2001.??.??"]

1. c4 f5 2. d4 Nf6 3. d5 g6 4. Nf3 Bg7 5. e3 O-O 6. Be2 d6 7. O-O c6 8. Nc3 Na6
9. Bd2 Nc7 10. dxc6 bxc6 11. Nd4 Bb7 12. Bf3 Qd7 13. Qb3 Rab8 14. Qa4 c5 15.
Nc6 Ne4 16. Nxb8 Qxa4 17. Nxa4 Nxd2 18. Bxb7 Rxb8 19. Rfd1 Rxb7 20. Rxd2 Rb4
21. Nc3 Bxc3 22. bxc3 Rxc4 23. Rc1 Nb5 24. Rdc2 Kf7 25. Kf1 e5 26. g3 Ke6 27.
f3 d5 28. Ke2 Kd6 29. Kd3 Kc6 30. Rb2 Nc7 31. h3 e4+ 32. fxe4 fxe4+ 33. Kd2 Nb5
34. g4 a6 35. h4 Kd6 36. h5 Ke5 37. hxg6 hxg6 38. Rbb1 Kf6 39. Ra1 Kg5 40. a4
Nd6 41. Rcb1 Kxg4 42. Rb6 Nf5 43. Rxg6+ Kf3 44. Rf1# {sekere checkmated} 1-0

[Event "ICS rated blitz match"]
[Site "204.178.125.65"]
[Date "2001.08.30"]
[Round "?"]
[White "sekere"]
[Black "Hossa"]
[Result "0-1"]
[WhiteElo "2166"]
[BlackElo "2605"]
[PlyCount "78"]
[EventDate "2001.??.??"]

1. e4 c5 2. d4 cxd4 3. Nf3 e6 4. Nxd4 a6 5. c4 Bb4+ 6. Bd2 Bxd2+ 7. Qxd2 Ne7 8.
Nc3 O-O 9. Bd3 d6 10. O-O b6 11. Rad1 Nd7 12. b3 Bb7 13. Bb1 Ne5 14. Rfe1 Qd7
15. Re3 Rac8 16. Rh3 Rb8 17. f4 N5g6 18. f5 Ne5 19. f6 N7g6 20. fxg7 Kxg7 21.
Qh6+ Kf6 22. Nf3 Ke7 23. Nxe5 Nxe5 24. Qg5+ Ke8 25. Rxh7 Qc7 26. Qf4 Qc5+ 27.
Kh1 b5 28. Nd5 exd5 29. exd5 bxc4 30. Re1 Bxd5 31. Rxe5+ dxe5 32. Qxe5+ Kd7 33.
Bf5+ Kc6 34. Rh6+ f6 35. Rxf6+ Rxf6 36. Qxf6+ Kb7 37. bxc4 Qxc4 38. h3 Qf1+ 39.
Kh2 Qxg2# {sekere checkmated} 0-1

[Event "ICS rated blitz match"]
[Site "204.178.125.65"]
[Date "2001.08.30"]
[Round "?"]
[White "Hossa"]
[Black "sekere"]
[Result "1-0"]
[WhiteElo "2607"]
[BlackElo "2160"]
[PlyCount "75"]
[EventDate "2001.??.??"]

1. c4 e5 2. Nc3 d6 3. g3 Be6 4. Qb3 Qc8 5. Bg2 c6 6. Nf3 Be7 7. d4 Nd7 8. dxe5
Nxe5 9. Nxe5 dxe5 10. Qa4 Nf6 11. Nd5 Qd8 12. Nxe7 Qxe7 13. Bxc6+ Bd7 14. Bxd7+
Nxd7 15. b3 O-O 16. Ba3 Nc5 17. Rd1 Rfc8 18. Bxc5 Qxc5 19. Rd5 Qc6 20. Qxc6
Rxc6 21. Rxe5 Ra6 22. a4 Rb6 23. Rb5 Rxb5 24. axb5 a6 25. bxa6 Rxa6 26. Kd2 h5
27. Rd1 Ra2+ 28. Ke3 Rb2 29. Rd3 g6 30. f4 Kg7 31. h3 Kf6 32. Rd6+ Ke7 33. Rb6
Kf8 34. Rxb7 Kg7 35. h4 Kf6 36. Rb6+ Kf5 37. Kf3 g5 38. e4# {sekere checkmated}
1-0

[Event "ICS rated blitz match"]
[Site "204.178.125.65"]
[Date "2001.08.30"]
[Round "?"]
[White "sekere"]
[Black "Hossa"]
[Result "0-1"]
[WhiteElo "2158"]
[BlackElo "2609"]
[PlyCount "76"]
[EventDate "2001.??.??"]

1. e4 c5 2. d4 cxd4 3. Nf3 e6 4. Nxd4 a6 5. c4 Bb4+ 6. Bd2 Bxd2+ 7. Qxd2 Ne7 8.
Nc3 O-O 9. Be2 d6 10. O-O Bd7 11. Rad1 Nc8 12. f4 Re8 13. Kh1 Ra7 14. Nf3 Qe7
15. Bd3 Bc6 16. Bb1 b5 17. cxb5 axb5 18. a3 Rb7 19. Na2 d5 20. e5 Rd8 21. Nb4
g6 22. Nd4 Be8 23. Rf3 Nb6 24. Rh3 Nc4 25. Qf2 f6 26. Re1 fxe5 27. fxe5 Bd7 28.
Qf4 Nxb2 29. Qh6 Qg7 30. Qg5 Rf8 31. Rh6 Qf7 32. h4 Be8 33. h5 Qf2 34. Rg1 Qxd4
35. hxg6 Kh8 36. g7+ Rxg7 37. Qxg7+ Kxg7 38. Rxh7+ Kg8 {sekere resigns} 0-1